Представление документа в формате MARC21

Поле Инд. ПП Название Значение
Тип записи a
Библиографический уровень b
001 Контрольный номер RU/IS/BASE/194280318
005 Дата корректировки 20220715140351.7
008 Кодируемые данные 20060226
084 a Индекс другой классификации/Индекс ББК 60.52; 66.3(2Рос),12; 60.561.3
100 1_ a Автор Федоркин Н. С.
q Полное имя Федоркин Николай Семенович
245 a Заглавие Гражданское общество в России: проблемы и трудности формирования
504 a Библиография Библиогр. ссылки. - Примеч.
650 a Основная рубрика внутренняя политика
a Основная рубрика политика
a Основная рубрика политическая социология
a Основная рубрика социология
653 a Ключевые слова государство
a Ключевые слова гражданское общество
a Ключевые слова общество
a Ключевые слова Россия
773 t Заглавие источника Вестник Московского университета. Серия 18, Социология и политология
d Дата издания источника 2005
g Прочая информация № 4. - С. 3 - 13
w Контрольный № источника RU/IS/BASE/193325762
901 t Тип документа b